000
00343nam a2200145Ia 4500
003
OSt
005
20240117121343.0
008
170524s9999 xx 000 0 und d
020
_a
0070617295
040
_c
iimt university meerut
100
_a
CHANDRA- PRASANNA
245
0
_a
Projects
260
_b
TATA MCGRAW HILL NEW DELHI
942
_2
ddc
_c
02
999
_c
8510
_d
8510